Normal view
MARC view
Entry Personal Name
001 - CONTROL NUMBER
- control field: 13853
003 - CONTROL NUMBER IDENTIFIER
- control field: OSt
005 - DATE AND TIME OF LATEST TRANSACTION
- control field: 20191126155215.0
008 - FIXED-LENGTH DATA ELEMENTS
- fixed length control field: 191126|| aca||aabn | a|a d
040 ## - CATALOGING SOURCE
- Original cataloging agency: OSt
- Transcribing agency: OSt
100 ## - HEADING--PERSONAL NAME
- Personal name: Qi, Hao
670 ## - SOURCE DATA FOUND
- Source citation: Work cat.: (OSt): Qi, Hao, Giovanni Arrighi in Beijing: Rethinking the transformation of the labor supply in rural China during the reform era
